header

Beyond the HIPAA privacy rule (Record no. 2078)

MARC details
000 -LEADER
fixed length control field 02383nam a2200433 a 4500
082 04 - DEWEY DECIMAL CLASSIFICATION NUMBER
Classification number 651.5/04261
245 00 - TITLE STATEMENT
Title Beyond the HIPAA privacy rule
260 ## - PUBLICATION, DISTRIBUTION, ETC. (IMPRINT)
Place of publication Washington, D.C. :
Name of publisher National Academies Press,
Year of publication c2009.
300 ## - PHYSICAL DESCRIPTION
Number of Pages xiv, 320 p. :
Other physical details ill.
505 0# - FORMATTED CONTENTS NOTE
Formatted contents note Introduction -- The value and importance of health information privacy -- The value, importance, and oversight of health research -- HIPAA, the privacy rule, and its application to health research -- Effect of the HIPAA privacy rule on health research -- A new framework for protecting privacy in health research.
650 #0 - SUBJECT ADDED ENTRY--TOPICAL TERM
Topical Term Medical records
Topical Term Health
Topical Term Privacy, Right of
700 1# - ADDED ENTRY--PERSONAL NAME
Personal name Nass, Sharyl J.
Personal name Levit, Laura A.
Personal name Gostin, Lawrence O.
856 40 - ELECTRONIC LOCATION AND ACCESS
Uniform Resource Identifier http://site.ebrary.com/lib/rucke/Doc?id=10286189

No items available.

© 2026 Rongo University
Contact us: librarian | system librarian | Rongo university